00901nam a2200253Ia 4500003000400000005001700004008004100021020001800062040001800080041000800098082002200106100002700128245007700155250001200232260003200244300003000276650003400306650002800340650003300368700002700401942003100428999001900459952016900478OSt20250603125312.0210716s2015 xx 000 0 und d a9788126554577 cAIMIT LIBRARY aeng a006.671 21bYENM aYener, Murat; 9212575 aProfessional java EE design patterns /cBy Murat Yener and Alex Theesom. a1st ed. aNew Delhi :bWILEY ,c2015. axxix,224p. ;bPBc24.7 cm aThe basics of java EE9212576 aFactory pattern9212577 aRestful web services9212578 aTheedom, Alex.9212579 2ddccBKe1stk006.671 YENM c195002d195002 00102ddc40708MCAaAIMITbAIMITeKnowledge Worldg499.00iBill no:182; Bill dt:2016-01-13l0o006.671 YENMpMCA14510r2026-05-23 00:00:00v374.25w2021-07-16yBK